000 00662nam a2200265Ia 4500
005 20260324153222.0
008 008 260324s9999 xx 000 0 eng d
020 _a9780444638540
037 _aEBOOK
040 _aCRL
040 _beng
040 _cCRL
041 _2eng
041 _aeng
084 _qCRL
100 _aAlexeev, Boris
_91230902
245 0 _aUnified Non-Local Relativistic Theory of Transport Processes
260 _bElsevier
260 _c2016
650 _aPhysics and Astronomy
856 _uhttps://www.sciencedirect.com/science/book/9780444638540
942 _cEBOOK
999 _c1842217
_d1842217